An introduction to electrical engineering
Salvato in:
| Autore principale: | |
|---|---|
| Natura: | Libro |
| Lingua: | Undetermined |
| Pubblicazione: |
New York, Macmillan
1969
|
| Serie: | Macmillan series in electrical science
|
| Soggetti: | |
| Tags: |
Aggiungi Tag
Nessun Tag, puoi essere il primo ad aggiungerne!!
|
MARC
| LEADER | 00000nam a2200000Ia 4500 | ||
|---|---|---|---|
| 003 | 000702 | ||
| 005 | 20221231143942.0 | ||
| 008 | 140114s9999 xx 000 0 und d | ||
| 040 | |c cru CEDI | ||
| 082 | |a 621.3 D963i | ||
| 100 | |a Durling, Allen E. |9 19489 | ||
| 245 | |a An introduction to electrical engineering | ||
| 260 | |a New York, Macmillan |c 1969 | ||
| 300 | |a 460 páginas : ilustraciones ; 24 cm.-- | ||
| 440 | |a Macmillan series in electrical science |9 19490 | ||
| 650 | |x INGENIERÍA ELÉCTRICA |9 19491 | ||
| 942 | |2 ddc |c BK | ||
| 999 | |c 14712 |d 14712 | ||
